Представление документа в формате RUSMARC

ПолеНазваниеЗначение
  Тип записи a
  Библиографический уровень a
001 Контрольный номер UONB/MAIN/317c03f477fb47a79ebaea885a79611e
005 Дата корректировки 20240131203733.2
100 Данные общей обработки __
a Данные общей обработки 20231130d20230821m## 0rusy0189 ca
101 Язык документа 0_
a Язык текста rus
102 Страна публикации __
a Страна публикации RU
200 Заглавие и сведения об ответственности 1_
a Заглавие Яблочный ежик
e Сведения, относящиеся к заглавию рассказ
f Первые сведения об ответственности А. Цухлов
203 Вид содержания и тип средства __
a Вид содержания Текст
b Характеристика содержания визуальный
c Тип средства непосредственный
461 Уровень набора _0
1 2000
a Симбирскъ
463 Уровень физической единицы _0
1 2000
a № 4 (103)
v С. 52-57
1 2101
d 2023
1 001RU/REG73/CBS_GRAD/1f28cd6aeabf41cd9a4c94b391c84015
606 Тематические рубрики 0_
a Основная рубрика Российские писатели
610 Ключевые слова 0_
a Ключевые слова рассказы, проза ульяновских писателей, произведения местных авторов, проза (х.л.)
686 Индексы других классификаций __
2 Код системы rubbk
a Классификационный индекс 84(2 Рос=Рус)6
700 Автор _1
a Фамилия Цухлов
b Имя (инициалы) А.
g Полное личное имя Андрей
4 Код отношения 070
801 Источник записи _0
a Страна RU
b Организация RuCBSGrad
c Дата составления 20231130
g Правила каталогизации RCR
801 Источник записи _1
a Страна RU
b Организация RuCBSGrad
c Дата составления 20231130
g Правила каталогизации RCR
852 Данные о местонахождении __
a Наименование организации МБУК "ЦБС г. Димитровграда"
m Каталогизатор Тенигина
901 Тип документа __
t Тип документа b
w Контрольный № источника RU/REG73/CBS_GRAD/1f28cd6aeabf41cd9a4c94b391c84015
909 Создатель записи __
a Создатель записи Тенигина